Statistics for Captains

Click here to take the quiz!

General Stats

  • This quiz has been taken 11 times
  • The average score is 10 of 20

Answer Stats

PositionNationClubAnswer% Correct
CBEnglandChelseaJohn Terry
100%
CBSerbiaManchester UnitedNemanja Vidic
78%
CMEnglandLiverpoolSteven Gerrard
67%
CBBelgiumArsenalThomas Vermaelen
67%
CBBelgiumManchester CityVincent Kompany
67%
LMNorthern IrelandWest Bromwich AlbionChris Brunt
56%
CFEnglandNorwich CityGrant Holt
56%
LMSouth KoreaQueens Park RangersPark Ji-Sung
56%
CB/CMEnglandEvertonPhillip Neville
56%
CBNetherlandsAston VillaRon Vlaar
56%
CBFranceTottenham HotspurWilliam Gallas
56%
CBNorwayFulhamBrede Hangeland
44%
CMEnglandWest Ham UnitedKevin Nolan
44%
CBEnglandStoke CityRyan Shawcross
44%
CMEnglandSouthamptonAdam Lallana
33%
CBWalesSwanseaAshley Williams
33%
CBArgentinaNewcastle UnitedFabricio Coloccini
33%
CBScotlandWigan AthleticGary Caldwell
33%
CMEnglandSunderlandLee Cattermole
33%
LMJamaicaReadingJobi McAnuff
22%

Score Distribution

Percentile by Number Answered

Percent of People with Each Score

Your Score History

You have not taken this quiz